African theology : (Record no. 2935)
[ view plain ]
| 000 -LEADER | |
|---|---|
| fixed length control field | 00694cam a2200217 a 4500 |
| 001 - CONTROL NUMBER | |
| control field | 4887652 |
| 005 - DATE AND TIME OF LATEST TRANSACTION | |
| control field | 20250123152526.0 |
| 008 - FIXED-LENGTH DATA ELEMENTS--GENERAL INFORMATION | |
| fixed length control field | 930126s1993 nyua b 001 0 eng |
| 020 ## - INTERNATIONAL STANDARD BOOK NUMBER | |
| International Standard Book Number | 0883448610 (pbk.) : |
| Terms of availability | $18.95 |
| 050 00 - LIBRARY OF CONGRESS CALL NUMBER | |
| Classification number | BT82.7 |
| Item number | .M36 1993 |
| 082 00 - DEWEY DECIMAL CLASSIFICATION NUMBER | |
| Classification number | 230/.0967 |
| Edition information | 20 |
| 100 1# - MAIN ENTRY--PERSONAL NAME | |
| Personal name | Martey, Emmanuel. |
| 245 10 - TITLE STATEMENT | |
| Title | African theology : |
| Remainder of title | inculturation and liberation / |
| Statement of responsibility, etc. | Emmanuel Martey. |
| 260 ## - PUBLICATION, DISTRIBUTION, ETC. | |
| Place of publication, distribution, etc. | Maryknoll, N.Y. : |
| Name of publisher, distributor, etc. | Orbis Books, |
| Date of publication, distribution, etc. | c1993. |
| 300 ## - PHYSICAL DESCRIPTION | |
| Extent | xii, 176 p. : |
| Other physical details | ill. ; |
| Dimensions | 24 cm. |
| 500 ## - GENERAL NOTE | |
| General note | Revision of author's thesis (doctoral). |
| 650 #0 - SUBJECT ADDED ENTRY--TOPICAL TERM | |
| Topical term or geographic name entry element | Black theology. |
| 650 #0 - SUBJECT ADDED ENTRY--TOPICAL TERM | |
| Topical term or geographic name entry element | Liberation theology. |
| 650 #0 - SUBJECT ADDED ENTRY--TOPICAL TERM | |
| Topical term or geographic name entry element | Theology, Doctrinal |
| Geographic subdivision | Africa, Sub-Saharan. |
| 942 ## - ADDED ENTRY ELEMENTS (KOHA) | |
| Source of classification or shelving scheme | Library of Congress Classification |
| Koha item type | Books |
| Suppress in OPAC | No |
| 999 ## - | |
| -- | 2935 |
| -- | 2935 |
| Withdrawn status | Lost status | Source of classification or shelving scheme | Damaged status | Not for loan | Collection | Home library | Current library | Shelving location | Date acquired | Total checkouts | Full call number | Barcode | Date last seen | Copy number | Price effective from | Koha item type |
|---|---|---|---|---|---|---|---|---|---|---|---|---|---|---|---|---|
| Library of Congress Classification | Non-fiction | Graduate Library (Christ Temple) | Graduate Library (Christ Temple) | General stacks | 01/23/2025 | BT 82.7 MAR | GSCT00000312 | 01/23/2025 | 1 | 01/23/2025 | Books | |||||
| Library of Congress Classification | Non-fiction | Graduate Library (Christ Temple) | Graduate Library (Christ Temple) | General stacks | 01/23/2025 | BT 82.7 MAR | GSCT00000313 | 01/23/2025 | 2 | 01/23/2025 | Books |